Statistiques concernant Les candidats de gauche (socialiste) à l'élection présidentielle (depuis 1965)

Cliquez ici pour prendre le quiz!

Statistiques générales

  • Ce quiz a été pris 242 fois
  • Le résultat moyen est 9 sur 10

Statistiques - réponses

AnnéeParti ou mouvementScore (1er tour)Candidat% Correct
2012Parti socialiste28,63%François Hollande
99%
1965Convention des institutions républicaines31,72%François Mitterrand
99%
1974Parti socialiste43,25%François Mitterrand
99%
1981Parti socialiste25,85%François Mitterrand
99%
1988Parti socialiste34,11%François Mitterrand
99%
1995Parti socialiste23,30%Lionel Jospin
96%
2002Parti socialiste16,18%Lionel Jospin
96%
2007Parti socialiste25,87%Ségolène Royal
95%
2017Parti socialiste??Benoît Hamon
94%
1969Section française de l'Internationale ouvrière5,01%Gaston Defferre
37%

Distribution des résultats

Percentile par nombre de réponses

% des personnes avec chaque résultat

Votre développement - résultats

Vous n’avez pas pris ce quiz